Discovering Fiction (0 521 00351 2)

שמור ב:
מידע ביבליוגרפי
מחבר ראשי: JUDITH KAY
פורמט: ספר
שפה:Undetermined
יצא לאור: Cambridge 2001
תגים: הוספת תג
אין תגיות, היה/י הראשונ/ה לתייג את הרשומה!
Thư viện lưu trữ: Trung tâm Học liệu Trường Đại học Cần Thơ
LEADER 00403nam a2200145Ia 4500
001 CTU_49449
008 210402s9999 xx 000 0 und d
082 |a 428.24 
082 |b K23/T2 
100 |a JUDITH KAY 
245 0 |a Discovering Fiction (0 521 00351 2) 
245 0 |c JUDITH KAY, Rosemary Gelshenen 
260 |b Cambridge 
260 |c 2001 
980 |a Trung tâm Học liệu Trường Đại học Cần Thơ